Textes et études de papyrologie grecque, démotique et copte : P. L. Bat. 23 /

محفوظ في:

مؤلفون آخرون: Pestman, P. W.

التنسيق: كتاب

اللغة: French
English
Coptic
Ancient Egyptian
Ancient Greek

منشور في: Leiden : E.J. Brill, 1985.

سلاسل: Papyrologica Lugduno-Batava ( Leyde ) ; 23.
P.L.Bat ; 23.

الموضوعات:

الوسوم: إضافة وسم

لا توجد وسوم, كن أول من يضع وسما على هذه التسجيلة!

رقم الطلب: PA3301 .P2 v.23

LEADER 01005nam a22002897a 4500
003 OSt
005 20250922080453.0
008 250922s1985 ne af g b 000 0 fre d
010 |a 85218381 
020 |a 9004069704 
040 |c ARCE Library 
041 0 |a eng  |a fre  |a cop  |a egy  |a grc 
050 1 4 |a PA3301  |b .P2 v.23 
245 0 0 |a Textes et études de papyrologie grecque, démotique et copte :   |b P. L. Bat. 23 /  |c edités par divers auteurs et publié par P.W. Pestman. 
264 1 |a Leiden :   |b E.J. Brill,   |c 1985. 
300 |a 242 pages, ix pages of plates :   |b illustrations ;   |c 29 cm. 
490 1 |a Papyrologica Lugduno-Batava ( Leyde ) ;   |v 23. 
490 1 |a P.L.Bat ;   |v 23. 
504 |a Includes bibliographical references. 
546 |a English, French, Coptic, Egyptian, and Greek. 
650 0 |a Manuscripts (Papyri) 
700 1 |a Pestman, P. W., 
830 0 |a Papyrologica Lugduno-Batava ( Leyde ) ;   |v 23. 
830 0 |a P.L.Bat ;   |v 23. 
901 |a reviewed 
942 |c BK  |2 lcc 
999 |c 22248  |d 22248